El Estatuto básico del empleado público : propuestas de desarrollo legislativo por parte de las comunidades autónomas propuestas de desarrollo legislativo por parte de las comunidades autónomas
Publicado:
Barcelona :
Diputació de Barcelona, CEMICAL, Consorci d'Estudis, Mediació i Conciliació a l'Administració Local ,
2008
Descripción Física:
92 p. ; 29 cm
Colección:
Documentos ; 1
MARC
| LEADER | 00000nam a2200000Ia 4500 | ||
|---|---|---|---|
| 001 | 20707 | ||
| 008 | 160829s2008 xx 000 0 cat d | ||
| 080 | |a M-6-78 | ||
| 245 | |a El Estatuto básico del empleado público : |b propuestas de desarrollo legislativo por parte de las comunidades autónomas | ||
| 260 | |a Barcelona : |b Diputació de Barcelona, CEMICAL, Consorci d'Estudis, Mediació i Conciliació a l'Administració Local, |c 2008 | ||
| 300 | |a 92 p. ; |c 29 cm | ||
| 490 | |a Documentos ; 1 | ||
| 650 | 0 | |a Funció pública |x Dret i legislació |x Espanya |9 42023 | |
| 650 | |a Espanya |x Comunitats autònomes |x Funcionaris i empleats |9 42024 | ||
| 710 | 1 | |a Consorci d'Estudis, Mediació i Conciliació a l'Administració Local (Barcelona) |9 52747 | |
| 710 | 1 | |a Barcelona (Catalunya : Província). |b Diputació |9 52408 | |
| 901 | |a Arxiu | ||
| 942 | |n 1 | ||
| 952 | |0 0 |1 0 |4 0 |6 M678 |7 1 |9 50613 |a Arxiu |b Arxiu |d 2016-12-01 |l 0 |o M-6-78 |p 20707 |r 2016-12-01 00:00:00 |w 2016-12-01 |y ARXIU | ||
| 999 | |c 54455 |d 54455 | ||